011580000a2200181000450000100060000000300090000602000180001504000090003308200160004210000200005824500980007826000210017630000120019733600270020933700330023633800280026950506790029712441CO-MdBIC a84-8267-127-8 bspa.04aG 269 R784t1 aRopero, Alfonso10aTeología bíblica del avivamiento : Avívanos de nuevo / Alfonso Ropero, Philip E. Hughes aBarcelona : CLIE a221 Pag atextobtxt2rdacontent 2rdamediaasin mediaciónbn 2rdacarrieravolumenbnc00a- El avivamiento, doctrina e historia: Raíces del cristianismo evangélico, Avivamientos en la historia de Israel, Pentecostés ¿el primer avivamiento de la era cristiana?, La Renovación Carismática ¿el último avivamiento? - Impacto social del avivamiento: El espíritu, motor del progreso, Reforma, espíritu y eduación, Abolición de la esclavitud, Reforma carcelaria, Protección del huérfano, Reforma del mercado laboral infantil, Principio cristianos de acción social - Avívanos de nuevo: Origen del avivamiento, Insistencia en oración, Predicación apostólica, Piedad y conocimiento, Admoniciones, Emoción humana, La maldición de Meroz